[Event "Open Vysocina 2018"]
[Site "Trebic"]
[Date "2018.09.28"]
[Round "7"]
[White "Rychtecky, Pavel"]
[Black "Benda, Vladimir"]
[Result "1-0"]
[WhiteElo "1537"]
[BlackElo "1493"]
[PlyCount "155"]
[EventDate "2018.09.22"]

1. e4 c5 2. Nf3 Nc6 3. d4 cxd4 4. Nxd4 d6 5. Be3 Nf6 6. Nc3 g6 7. Be2 Bg7 8. f3
a6 9. Qd2 Bd7 10. O-O O-O 11. Rad1 b5 12. a3 Rc8 13. Kh1 Ne5 14. h3 Nc4 15.
Bxc4 Rxc4 16. Nce2 Qc8 17. Kh2 Ne8 18. c3 Rc7 19. Bh6 e5 20. Bxg7 Kxg7 21. Nc2
f5 22. Ne3 f4 23. Nd5 Rb7 24. Rg1 Be6 25. Nc1 Rbf7 26. Qf2 Qd8 27. Qb6 Qa8 28.
Nb3 Rb7 29. Qf2 Qd8 30. Na1 Bc8 31. Nc2 Rff7 32. Ncb4 Qa5 33. Nc6 Qa4 34. Nd8
Qb3 35. Nxf7 Kxf7 36. Rd2 Be6 37. g3 Bxd5 38. Rxd5 fxg3+ 39. Rxg3 Kg8 40. Rg2
Qc4 41. Qg3 Qc7 42. Qg4 Kg7 43. Qe6 Qe7 44. Qxe7+ Rxe7 45. Rc2 Rc7 46. b3 Kf7
47. Kg3 Ke6 48. Rdd2 a5 49. c4 bxc4 50. Rxc4 Rb7 51. Rd3 Nc7 52. a4 Kd7 53.
Rdc3 Na6 54. Rc8 Nc5 55. R8xc5 dxc5 56. Rxc5 Rxb3 57. Rxa5 Kd6 58. Ra7 Ra3 59.
Rxh7 Rxa4 60. Rh6 Ra8 61. Rxg6+ Ke7 62. h4 Kf7 63. h5 Ra1 64. Kg4 Rf1 65. Ra6
Rg1+ 66. Kf5 Rg3 67. Rf6+ Ke7 68. Kxe5 Rg8 69. f4 Rh8 70. h6 Rh7 71. Kf5 Rh8
72. Kg5 Rg8+ 73. Rg6 Rh8 74. f5 Kf7 75. Rg7+ Kf8 76. Kg6 Ke8 77. h7 Kf8 78. Ra7
1-0

[Event "Open Vysocina 2018"]
[Site "Trebic"]
[Date "2018.09.28"]
[Round "7"]
[White "Novak, Pavel"]
[Black "Oburka, Vladislav"]
[Result "0-1"]
[WhiteElo "1479"]
[BlackElo "1802"]
[PlyCount "54"]
[EventDate "2018.09.22"]

1. c4 Nf6 2. d4 e6 3. Nc3 Bb4 4. Bd2 d5 5. e3 O-O 6. Nf3 b6 7. Qc2 Ba6 8. cxd5
Bxf1 9. Rxf1 exd5 10. a3 Be7 11. Ne5 Nbd7 12. Nc6 Qe8 13. Nxe7+ Qxe7 14. O-O-O
c5 15. dxc5 bxc5 16. h3 Nb6 17. f4 d4 18. exd4 cxd4 19. Rfe1 Qb7 20. Ne4 Rfc8
21. Nc5 Rxc5 22. Qxc5 Rc8 23. Qxc8+ Qxc8+ 24. Kb1 h6 25. g4 Nc4 26. Bb4 a5 27.
Bd2 Qb7 0-1

[Event "Open Vysocina 2018"]
[Site "Trebic"]
[Date "2018.09.28"]
[Round "7"]
[White "Stork, Rostislav"]
[Black "Glacner, Karel"]
[Result "1-0"]
[WhiteElo "1779"]
[BlackElo "1482"]
[PlyCount "59"]
[EventDate "2018.09.22"]

1. e4 e5 2. Nf3 f5 3. Nxe5 Qf6 4. d4 d6 5. Nc4 fxe4 6. Nc3 Qg6 7. Ne3 Nf6 8.
Be2 Be7 9. O-O c6 10. f3 d5 11. fxe4 Bb4 12. e5 h5 13. exf6 gxf6 14. Bd3 Qg8
15. Rxf6 Be7 16. Rf2 Bg4 17. Be2 Bh4 18. g3 Nd7 19. Bxg4 O-O-O 20. Bxd7+ Rxd7
21. Nf5 Bxg3 22. hxg3 h4 23. Bf4 Rdh7 24. g4 Rh5 25. Ne7+ Kd7 26. Nxg8 Rxg8 27.
Qf3 h3 28. Kh2 Rh4 29. Bg3 Rhxg4 30. Qf7+ 1-0

[Event "Open Vysocina 2018"]
[Site "Trebic"]
[Date "2018.09.28"]
[Round "7"]
[White "Svoboda, Frantisek"]
[Black "Endler, Boris"]
[Result "0-1"]
[WhiteElo "1760"]
[BlackElo "1778"]
[PlyCount "36"]
[EventDate "2018.09.22"]

1. c4 Nf6 2. Nc3 g6 3. e4 d6 4. f4 e5 5. d4 exd4 6. Qxd4 Nc6 7. Qd1 Bg7 8. Be2
O-O 9. Nf3 Re8 10. O-O Nxe4 11. Nxe4 Rxe4 12. Ng5 Re8 13. Bd3 Nd4 14. Rb1 h6
15. Ne4 Bf5 16. Re1 Qd7 17. b4 Re7 18. Ng3 Rxe1+ 0-1

[Event "Open Vysocina 2018"]
[Site "Trebic"]
[Date "2018.09.28"]
[Round "7"]
[White "Smietanska, Wiktoria"]
[Black "Kovacs, Ivan"]
[Result "1-0"]
[WhiteElo "1315"]
[BlackElo "1537"]
[PlyCount "37"]
[EventDate "2018.09.22"]

1. e4 e5 2. d4 d6 3. Nf3 Bg4 4. dxe5 Bxf3 5. Qxf3 dxe5 6. Qb3 b6 7. Bc4 Qd7 8.
O-O Nf6 9. Bg5 Be7 10. Bxf7+ Kf8 11. Be6 Qd8 12. Nc3 a5 13. Qc4 Na6 14. Bxf6
gxf6 15. Bd5 Ra7 16. Nb5 Ra8 17. Bxa8 Qxa8 18. Nxc7 Qc8 19. Ne6+ 1-0

[Event "Open Vysocina 2018"]
[Site "Trebic"]
[Date "2018.09.28"]
[Round "7"]
[White "Zeleny, Ondrej"]
[Black "Korinkova, Eva"]
[Result "0-1"]
[WhiteElo "1358"]
[BlackElo "1833"]
[PlyCount "26"]
[EventDate "2018.09.22"]

1. Nf3 Nf6 2. d4 g6 3. c4 Bg7 4. Nc3 O-O 5. Bg5 d6 6. e4 Nbd7 7. Bd3 e5 8. d5
a5 9. a3 Nc5 10. b4 axb4 11. axb4 Nxd3+ 12. Ke2 Rxa1 13. Qxa1 Nxb4 0-1

[Event "Open Vysocina 2018"]
[Site "Trebic"]
[Date "2018.09.28"]
[Round "8"]
[White "Chu, Ruotong"]
[Black "Tesar, Jan"]
[Result "1-0"]
[WhiteElo "2199"]
[BlackElo "2033"]
[PlyCount "85"]
[EventDate "2018.09.22"]

1. d4 d5 2. c4 Nc6 3. Nc3 dxc4 4. Nf3 Nf6 5. e4 Bg4 6. Be3 e6 7. Bxc4 Bb4 8.
Qd3 O-O 9. Nd2 e5 10. d5 Na5 11. a3 Bxc3 12. Qxc3 Nxc4 13. Qxc4 Bd7 14. O-O c6
15. dxc6 Bxc6 16. f3 Re8 17. Rfd1 Nh5 18. Nb3 Qh4 19. Na5 Rac8 20. Bxa7 Re6 21.
Be3 Nf4 22. Bxf4 exf4 23. Nxc6 Rexc6 24. Qe2 Rh6 25. h3 Rhc6 26. Rd2 h6 27.
Rad1 Qe7 28. Rd7 Qc5+ 29. Qf2 Qb5 30. Qd2 Rc2 31. Qxf4 Rf8 32. b4 Ra2 33. Kh2
Rxa3 34. Rxf7 Rxf7 35. Rd8+ Kh7 36. Qxf7 Qe5+ 37. f4 Qxe4 38. Re8 Qd3 39. Qg8+
Kg6 40. Re6+ Kh5 41. Qf7+ g6 42. Re5+ Kh4 43. Qf6+ 1-0

[Event "Open Vysocina 2018"]
[Site "Trebic"]
[Date "2018.09.28"]
[Round "8"]
[White "Gokhale, Anupama"]
[Black "Lampir, Tomas"]
[Result "1-0"]
[WhiteElo "1964"]
[BlackElo "2052"]
[PlyCount "121"]
[EventDate "2018.09.22"]

1. d4 {[%emt 0:00:00]} d5 2. c4 c6 3. e3 Nf6 4. Qc2 a6 5. Nf3 b5 6. cxd5 cxd5
7. Bd2 e6 8. Bd3 Bb7 9. a4 b4 10. a5 Nc6 11. O-O Bd6 12. Ne5 Nxe5 13. dxe5 Bxe5
14. Bxb4 Rc8 15. Qe2 Rc6 16. Nc3 Bd6 17. Bxd6 Qxd6 18. e4 dxe4 19. Nxe4 Nxe4
20. Bxe4 Rc7 21. Rfd1 Qb4 22. Qd3 Qe7 23. Bxb7 Rxb7 24. Qxa6 O-O 25. Qe2 Rfb8
26. a6 Ra7 27. h3 h6 28. Ra4 Qe8 29. Rad4 Qc6 30. Rd6 Qb5 31. Rd8+ Kh7 32. Qxb5
Rxb5 33. R8d7 Rxa6 34. Rxf7 Rxb2 35. Rdd7 Kg6 36. Rxg7+ Kf5 37. Rdf7+ Ke5 38.
Rg6 Ra1+ 39. Kh2 Raa2 40. Rff6 Rxf2 41. Rxe6+ Kd5 42. Re3 Kd4 43. Reg3 h5 44.
R6g5 Rf1 45. Rxh5 Raa1 46. Rg4+ Ke3 47. Re5+ Kd3 48. h4 Rh1+ 49. Kg3 Ra3 50.
Rf4 Ra2 51. Ref5 Ke3 52. Rb5 Raa1 53. Rb3+ Ke2 54. Rf2+ Ke1 55. Rfb2 Rd1 56.
Rb1 Ke2 57. Rxd1 Rxd1 58. Rf3 Rh1 59. Rf5 Ke3 60. Re5+ Kd4 61. Re8 1-0

[Event "Open Vysocina 2018"]
[Site "Trebic"]
[Date "2018.09.28"]
[Round "8"]
[White "Bartos, Jan"]
[Black "Bradac, Roman"]
[Result "1-0"]
[WhiteElo "2216"]
[BlackElo "1999"]
[PlyCount "41"]
[EventDate "2018.09.22"]

1. d4 Nf6 2. c4 e5 3. dxe5 Ng4 4. Nf3 Bc5 5. e3 Nc6 6. Nc3 Ngxe5 7. Nxe5 Nxe5
8. Be2 O-O 9. O-O Re8 10. b3 d6 11. Bb2 Bf5 12. Na4 b6 13. a3 a5 14. Bc3 Qg5
15. Nxc5 Bh3 16. Bf3 Nxf3+ 17. Qxf3 Bg4 18. Qg3 dxc5 19. h3 Re4 20. f4 Qg6 21.
Qxg4 1-0

[Event "Open Vysocina 2018"]
[Site "Trebic"]
[Date "2018.09.28"]
[Round "8"]
[White "Skurniak, Szymon"]
[Black "Vecera, Pavel"]
[Result "1-0"]
[WhiteElo "1763"]
[BlackElo "2153"]
[PlyCount "95"]
[EventDate "2018.09.22"]

1. e4 c5 2. Nf3 Nc6 3. d4 cxd4 4. Nxd4 Nf6 5. Nc3 e5 6. Ndb5 d6 7. Bg5 a6 8.
Na3 b5 9. Nd5 Be7 10. Bxf6 Bxf6 11. c3 O-O 12. Nc2 Bg5 13. a4 Rb8 14. axb5 axb5
15. Ncb4 Nxb4 16. Nxb4 Qb6 17. Bd3 Bb7 18. O-O f5 19. exf5 e4 20. Qg4 exd3 21.
Qxg5 Be4 22. Rae1 d5 23. Nxd5 Bxd5 24. f6 Qxf6 25. Qxd5+ Kh8 26. Qxd3 b4 27.
Re3 Rfd8 28. Qe4 bxc3 29. bxc3 h6 30. Qf3 Qa6 31. Re7 Qa3 32. Rc7 Qd6 33. Qf7
Rg8 34. g3 Rbf8 35. Qd7 Qe5 36. c4 Rf3 37. Qe7 Qf5 38. c5 Rc3 39. Re1 Rc2 40.
Re2 Rc1+ 41. Kg2 Qd5+ 42. Qe4 Qd1 43. Kh3 Qf1+ 44. Kh4 g5+ 45. Kg4 h5+ 46. Kf5
Qh3+ 47. Kf6 Rf8+ 48. Kg6 1-0

[Event "Open Vysocina 2018"]
[Site "Trebic"]
[Date "2018.09.28"]
[Round "8"]
[White "Pacl, Vaclav"]
[Black "Mezlik, Stanislav"]
[Result "1/2-1/2"]
[WhiteElo "2033"]
[BlackElo "1885"]
[PlyCount "117"]
[EventDate "2018.09.22"]

1. Nf3 d5 2. c4 c6 3. e3 Nf6 4. Nc3 e6 5. b3 Nbd7 6. Qc2 Bd6 7. Bb2 Qe7 8. d4
O-O 9. cxd5 exd5 10. Bd3 Re8 11. O-O Ne4 12. Ne2 Ndf6 13. Ne5 Bd7 14. f3 Nc5
15. dxc5 Bxe5 16. Nd4 Bc7 17. Rae1 Qe5 18. f4 Qh5 19. Nf3 Ne4 20. Be5 Ba5 21.
Re2 f6 22. Bd4 Qf7 23. a3 Bc7 24. Ree1 h6 25. b4 Bf5 26. Nh4 Bh7 27. g4 Qd7 28.
Qg2 Re7 29. f5 Rf8 30. Kh1 Qe8 31. a4 Ng5 32. Qb2 h5 33. Be2 Re4 34. Rg1 Qb8
35. Bd1 Rfe8 36. Ng6 Bxg6 37. fxg6 h4 38. Qg2 R4e7 39. Qf2 h3 40. Rgf1 Be5 41.
Bc2 Bxd4 42. exd4 Rxe1 43. Rxe1 Rxe1+ 44. Qxe1 Qxh2+ 45. Kxh2 Nf3+ 46. Kxh3
Nxe1 47. Bf5 Nf3 48. Bc8 Kf8 49. Bxb7 Nxd4 50. Kg3 Ke7 51. Kf4 Kd7 52. Ba6 Kc7
53. Bd3 Ne6+ 54. Ke3 Kd8 55. Bf5 Nc7 56. Bd3 a6 57. Bf5 Ke7 58. Bc8 Kd8 59. Bf5
1/2-1/2

[Event "Open Vysocina 2018"]
[Site "Trebic"]
[Date "2018.09.28"]
[Round "8"]
[White "Zeleny, Tomas"]
[Black "Heppell, Ian N"]
[Result "1-0"]
[WhiteElo "1833"]
[BlackElo "2031"]
[PlyCount "59"]
[EventDate "2018.09.22"]

1. e4 e5 2. Nf3 d6 3. d4 exd4 4. Nxd4 Nf6 5. Nc3 Be7 6. Bf4 O-O 7. Qd2 Nc6 8.
O-O-O Nxd4 9. Qxd4 Be6 10. f3 Qb8 11. Kb1 Rd8 12. Bc4 Bxc4 13. Qxc4 c6 14. Qe2
Nd7 15. h4 b5 16. Qe1 Ne5 17. Ne2 Qb6 18. Nd4 Bf6 19. Nf5 Nc4 20. Bc1 d5 21.
exd5 Re8 22. Qg1 cxd5 23. Rxd5 Qa5 24. Qc5 Rac8 25. Qf2 Qb4 26. Rd3 Bxb2 27.
Rb3 Na3+ 28. Kxb2 Rxc2+ 29. Qxc2 Nxc2 30. Rxb4 1-0

[Event "Open Vysocina 2018"]
[Site "Trebic"]
[Date "2018.09.28"]
[Round "8"]
[White "Svizensky, Lubos"]
[Black "Grabarczyk, Sylwester"]
[Result "1-0"]
[WhiteElo "1937"]
[BlackElo "1782"]
[PlyCount "71"]
[EventDate "2018.09.22"]

1. d4 Nf6 2. Nf3 d5 3. c4 e6 4. Nc3 Bb4 5. a3 Bxc3+ 6. bxc3 O-O 7. Bg5 h6 8.
Bh4 c6 9. e3 Nbd7 10. Bd3 Qa5 11. Qb3 dxc4 12. Bxc4 Nd5 13. O-O N7f6 14. Rfc1
Ne4 15. Qc2 Nexc3 16. Qd2 g5 17. Bg3 Qd8 18. Rxc3 Nxc3 19. Qxc3 h5 20. h4 f6
21. Bb3 Qe7 22. Qd3 Qg7 23. hxg5 fxg5 24. Be5 Qh6 25. Bc2 Rf5 26. e4 Rf7 27.
Qe3 Bd7 28. Nxg5 Rff8 29. Qg3 Qg6 30. Rb1 b6 31. Rb3 Rac8 32. Qh4 Rfe8 33. Rf3
c5 34. Rf6 Qg7 35. Qxh5 cxd4 36. Rg6 1-0

[Event "Open Vysocina 2018"]
[Site "Trebic"]
[Date "2018.09.28"]
[Round "8"]
[White "Zacharias, Miroslav"]
[Black "Spanton, Tim R"]
[Result "0-1"]
[WhiteElo "1727"]
[BlackElo "1923"]
[PlyCount "116"]
[EventDate "2018.09.22"]

1. e4 c5 2. d4 cxd4 3. c3 g6 4. Nf3 Bg7 5. cxd4 d5 6. e5 Bg4 7. Bb5+ Nd7 8. O-O
Nh6 9. Nbd2 O-O 10. h3 Bxf3 11. Nxf3 a6 12. Bd3 f6 13. exf6 Nxf6 14. Ng5 Qd6
15. Re1 Ne4 16. Bxe4 dxe4 17. Rxe4 Qd5 18. Qb3 Qxb3 19. axb3 Nf5 20. Be3 Bf6
21. Ne6 Rfc8 22. Bg5 Rc2 23. Bxf6 exf6 24. d5 Nd6 25. Rf4 f5 26. Rb4 b5 27. Nd4
Rxb2 28. Nc6 Rd2 29. f3 Kg7 30. Rd4 Rxd4 31. Nxd4 Kf6 32. Nc6 f4 33. Kf2 a5 34.
Re1 Re8 35. Ra1 Re3 36. Nxa5 Rd3 37. Ke2 Rxd5 38. Rd1 Rxd1 39. Kxd1 Ke5 40. Kd2
Kd4 41. Nc6+ Kc5 42. Ne7 Kb4 43. Kc2 Kc5 44. Kc3 b4+ 45. Kd3 Nb5 46. Ke4 Nd4
47. Nd5 Nxb3 48. Nxb4 Kxb4 49. Kxf4 Kc5 50. Kg5 Kd6 51. Kh6 Ke6 52. g4 Nd4 53.
f4 Kf6 54. Kxh7 Ne6 55. h4 Nxf4 56. Kh6 Ne6 57. g5+ Nxg5 58. h5 Nf7+ 0-1

[Event "Open Vysocina 2018"]
[Site "Trebic"]
[Date "2018.09.28"]
[Round "8"]
[White "Hrivnakova, Anna"]
[Black "Rychtecky, Pavel"]
[Result "1/2-1/2"]
[WhiteElo "1538"]
[BlackElo "1537"]
[PlyCount "56"]
[EventDate "2018.09.22"]

1. Nf3 Nf6 2. d4 e6 3. e3 b6 4. c4 Bb7 5. Nc3 d5 6. cxd5 exd5 7. Bd3 Be7 8. O-O
O-O 9. Qc2 Nbd7 10. a4 c5 11. b3 Rc8 12. Bb2 Qc7 13. Qe2 Rfe8 14. Nb5 Qb8 15.
dxc5 Nxc5 16. Be5 Qa8 17. Nc7 Rxc7 18. Bxc7 Nxb3 19. Rab1 Nc5 20. Bb5 Rc8 21.
Be5 a6 22. Bd3 Nxa4 23. Rfc1 b5 24. Rxc8+ Qxc8 25. Qc2 Qxc2 26. Bxc2 Nb6 27.
Bd4 Nc4 28. Bd3 Nd7 1/2-1/2

[Event "Open Vysocina 2018"]
[Site "Trebic"]
[Date "2018.09.28"]
[Round "8"]
[White "Bar-Or, Ornan"]
[Black "Kalveus, Jan"]
[Result "1-0"]
[WhiteElo "1931"]
[BlackElo "1854"]
[PlyCount "59"]
[EventDate "2018.09.22"]

1. e4 e6 2. d3 d5 3. Nd2 b6 4. g3 Bb7 5. Bg2 Nd7 6. Ngf3 Ne7 7. O-O g6 8. Re1
Bg7 9. e5 O-O 10. h4 c5 11. c3 Rc8 12. d4 cxd4 13. cxd4 Qc7 14. h5 Ba6 15. hxg6
hxg6 16. Ng5 Bh6 17. Qg4 Bxg5 18. Qxg5 Nf5 19. Nf3 Qd8 20. Qg4 Kg7 21. Bg5 Qe8
22. Qf4 Rh8 23. g4 Ne7 24. a3 Bd3 25. Re3 Ba6 26. Ree1 Bb7 27. b4 a6 28. Rac1
Rh7 29. Qd2 f5 30. Be3 1-0

[Event "Open Vysocina 2018"]
[Site "Trebic"]
[Date "2018.09.28"]
[Round "8"]
[White "Oburka, Vladislav"]
[Black "Stork, Rostislav"]
[Result "1/2-1/2"]
[WhiteElo "1802"]
[BlackElo "1779"]
[PlyCount "63"]
[EventDate "2018.09.22"]

1. e4 e5 2. Nf3 Nf6 3. Nc3 Nc6 4. d4 exd4 5. Nd5 Nxd5 6. exd5 Bb4+ 7. Bd2 Qe7+
8. Be2 Nd8 9. Nxd4 O-O 10. O-O c5 11. Bxb4 cxb4 12. Re1 Qc5 13. Nf5 f6 14. Bd3
g6 15. Ne7+ Kg7 16. Qg4 d6 17. Qg3 f5 18. h4 Rf6 19. h5 Nf7 20. hxg6 h6 21.
Rac1 Ne5 22. c4 Bd7 23. Rxe5 dxe5 24. Qxe5 Raf8 25. Re1 R8f7 26. b3 a5 27. g3
Qd6 28. f4 Kf8 29. Qxd6 Rxd6 30. c5 Rxe7 31. Rxe7 Kxe7 32. cxd6+ 1/2-1/2

[Event "Open Vysocina 2018"]
[Site "Trebic"]
[Date "2018.09.28"]
[Round "8"]
[White "Endler, Boris"]
[Black "Smietanska, Wiktoria"]
[Result "1/2-1/2"]
[WhiteElo "1778"]
[BlackElo "1315"]
[PlyCount "37"]
[EventDate "2018.09.22"]

1. e4 d5 2. exd5 Qxd5 3. Nc3 Qd6 4. d4 Nf6 5. Nf3 c6 6. h3 Bf5 7. Bd3 Bxd3 8.
Qxd3 Nbd7 9. Be3 e6 10. O-O-O O-O-O 11. Kb1 Qc7 12. Qe2 Bd6 13. Ng5 Nb6 14.
Nge4 Nxe4 15. Nxe4 Be7 16. Qf3 Rhf8 17. Bf4 Qd7 18. Qb3 Qd5 19. Qxd5 1/2-1/2

[Event "Open Vysocina 2018"]
[Site "Trebic"]
[Date "2018.09.28"]
[Round "8"]
[White "Benda, Vladimir"]
[Black "Aird, Ian"]
[Result "0-1"]
[WhiteElo "1493"]
[BlackElo "1857"]
[PlyCount "82"]
[EventDate "2018.09.22"]

1. e4 c6 2. d4 d5 3. e5 c5 4. c3 Nc6 5. Bb5 Bf5 6. Nf3 e6 7. O-O Qb6 8. Ba4 Bg4
9. h3 Bxf3 10. Qxf3 cxd4 11. Bxc6+ bxc6 12. cxd4 Qxd4 13. Re1 Bb4 14. Nc3 Ne7
15. a3 Ba5 16. Bf4 Ng6 17. Bg3 O-O 18. Rad1 Qc4 19. Qd3 Qxd3 20. Rxd3 c5 21.
Re2 Rab8 22. Nd1 Rb7 23. f4 Ne7 24. Bf2 c4 25. Rf3 Bb6 26. Bxb6 Rxb6 27. Rd2
Rfb8 28. Rc3 g6 29. Kh2 Kg7 30. g4 Rb3 31. Kg2 h6 32. h4 h5 33. Rxb3 Rxb3 34.
gxh5 gxh5 35. Rc2 Nf5 36. Rc3 Nxh4+ 37. Kh3 Rxc3+ 38. Nxc3 Nf5 39. Nb5 d4 40.
Kg2 a6 41. Nc7 c3 0-1

[Event "Open Vysocina 2018"]
[Site "Trebic"]
[Date "2018.09.28"]
[Round "8"]
[White "Habada, Jindrich"]
[Black "Novak, Pavel"]
[Result "1-0"]
[WhiteElo "1761"]
[BlackElo "1479"]
[PlyCount "79"]
[EventDate "2018.09.22"]

1. c4 e5 2. Nc3 Nc6 3. e4 Nf6 4. d3 g6 5. g3 Bg7 6. Bg2 d6 7. h3 O-O 8. Nge2 h6
9. O-O Be6 10. Be3 Qc8 11. Kh2 a6 12. f4 exf4 13. Nxf4 Re8 14. Qd2 Kh7 15. Rae1
Ne5 16. b3 c5 17. Nfd5 Bxd5 18. exd5 Rb8 19. Rf2 Neg4+ 20. hxg4 Nxg4+ 21. Kg1
Nxf2 22. Bxf2 Rxe1+ 23. Qxe1 Qe8 24. Ne4 Be5 25. Qa5 Qd8 26. Qd2 f5 27. Nc3 Qe7
28. Ne2 Re8 29. d4 cxd4 30. Nxd4 Bxd4 31. Qxd4 Qe5 32. b4 Qxd4 33. Bxd4 Re2 34.
c5 dxc5 35. bxc5 Rd2 36. Be5 Kg8 37. d6 Kf7 38. Bxb7 Ke6 39. c6 Rc2 40. d7 1-0

[Event "Open Vysocina 2018"]
[Site "Trebic"]
[Date "2018.09.28"]
[Round "8"]
[White "Svoboda, Frantisek"]
[Black "Zeleny, Ondrej"]
[Result "1-0"]
[WhiteElo "1760"]
[BlackElo "1358"]
[PlyCount "75"]
[EventDate "2018.09.22"]

1. e4 c5 2. Nf3 d6 3. d4 cxd4 4. Nxd4 Nf6 5. Nc3 g6 6. Be2 Bg7 7. O-O O-O 8. f4
Nc6 9. Be3 Bd7 10. Bf3 a6 11. g4 Nxd4 12. Bxd4 Qc8 13. f5 Bc6 14. g5 Nd7 15.
Bxg7 Kxg7 16. f6+ exf6 17. Qd4 Ne5 18. gxf6+ Kh8 19. Qd2 Ng4 20. Qg5 Bd7 21.
Nd5 Qc5+ 22. Kh1 Nf2+ 23. Kg2 Bh3+ 24. Kg3 Bxf1 25. Rxf1 Nxe4+ 26. Bxe4 Rae8
27. Qh6 Rg8 28. Ne7 Qe5+ 29. Rf4 Rxe7 30. fxe7 Qxe7 31. Qh4 Qc7 32. Qf6+ Rg7
33. Bd5 Kg8 34. Rc4 Qd7 35. Re4 Kf8 36. Bxb7 a5 37. Bc6 Qxc6 38. Qd8+ 1-0

[Event "Open Vysocina 2018"]
[Site "Trebic"]
[Date "2018.09.29"]
[Round "9"]
[White "Gokhale, Anupama"]
[Black "Chu, Ruotong"]
[Result "0-1"]
[WhiteElo "1964"]
[BlackElo "2199"]
[PlyCount "84"]
[EventDate "2018.09.22"]

1. d4 Nf6 2. c4 g6 3. g3 c6 4. Bg2 d5 5. Nf3 Bg7 6. O-O dxc4 7. Na3 b5 8. Ne5
Nd5 9. e4 Nb6 10. f4 Bb7 11. Be3 N8d7 12. b3 Nxe5 13. fxe5 cxb3 14. Qxb3 O-O
15. e6 f6 16. Rad1 Ba6 17. Rf2 Nc4 18. Nxc4 bxc4 19. Qa3 Bc8 20. d5 Bxe6 21.
Rfd2 cxd5 22. exd5 Bg4 23. Rc1 Rc8 24. Qb4 a5 25. Qa4 Bd7 26. Qa3 f5 27. Bg5
Bf6 28. Bxf6 Rxf6 29. Kh1 Be8 30. Re2 Bf7 31. Qxe7 Qxe7 32. Rxe7 Rd6 33. Ra7
Rc5 34. Rb1 c3 35. Rb8+ Kg7 36. Rbb7 c2 37. Rxf7+ Kg8 38. Rg7+ Kf8 39. h4 c1=Q+
40. Kh2 Qb2 41. Rxh7 Kg8 42. Rhb7 Qf6 0-1

[Event "Open Vysocina 2018"]
[Site "Trebic"]
[Date "2018.09.29"]
[Round "9"]
[White "Bartos, Jan"]
[Black "Pribyl, Josef"]
[Result "1/2-1/2"]
[WhiteElo "2216"]
[BlackElo "2250"]
[PlyCount "27"]
[EventDate "2018.09.22"]

1. d4 Nf6 2. c4 e6 3. Nf3 b6 4. g3 Bb7 5. Bg2 Be7 6. O-O O-O 7. Nc3 Ne4 8. Nxe4
Bxe4 9. Ne1 Bxg2 10. Nxg2 d6 11. b3 Nd7 12. Bb2 c5 13. d5 Bf6 14. Bxf6 1/2-1/2

[Event "Open Vysocina 2018"]
[Site "Trebic"]
[Date "2018.09.29"]
[Round "9"]
[White "Vincze, Roman"]
[Black "Svizensky, Lubos"]
[Result "1-0"]
[WhiteElo "2097"]
[BlackElo "1937"]
[PlyCount "101"]
[EventDate "2018.09.22"]

1. d4 Nf6 2. Nf3 d5 3. Bf4 Bf5 4. e3 e6 5. a3 c5 6. Bxb8 Qxb8 7. Bb5+ Kd8 8. c4
a6 9. Ba4 cxd4 10. cxd5 exd5 11. Nxd4 Be6 12. Nc3 Bc5 13. Rc1 Qd6 14. Nce2 Ke7
15. O-O Rhd8 16. Qc2 Rac8 17. Nf5+ Bxf5 18. Qxf5 Qe6 19. Qg5 Kf8 20. Bc2 h6 21.
Qf5 Qxf5 22. Bxf5 Rc7 23. Rfd1 Ke7 24. b4 Bd6 25. Rxc7+ Bxc7 26. Kf1 a5 27. Rc1
Bd6 28. bxa5 Ra8 29. Rb1 Rxa5 30. Rxb7+ Kf8 31. Nd4 g6 32. Rb6 Ne8 33. Bd7 Bc7
34. Rc6 Ra7 35. Bxe8 Kxe8 36. Nb5 Rb7 37. Nxc7+ Kd7 38. Rc3 Rxc7 39. Rxc7+ Kxc7
40. Ke2 Kb6 41. Kd3 Ka5 42. Kd4 Ka4 43. Kxd5 Kxa3 44. Ke5 Kb2 45. Kf6 Kc2 46.
Kxf7 Kd2 47. Kxg6 Ke2 48. Kxh6 Kxf2 49. e4 Kxg2 50. e5 Kxh2 51. e6 1-0

[Event "Open Vysocina 2018"]
[Site "Trebic"]
[Date "2018.09.29"]
[Round "9"]
[White "Tesar, Jan"]
[Black "Zeleny, Tomas"]
[Result "1-0"]
[WhiteElo "2033"]
[BlackElo "1833"]
[PlyCount "105"]
[EventDate "2018.09.22"]

1. d4 d5 2. Nf3 Nf6 3. g3 c6 4. Bg2 Bf5 5. O-O e6 6. c4 Nbd7 7. Nc3 h6 8. Bf4
Nh5 9. Ne5 Nxf4 10. gxf4 Bd6 11. e3 Qh4 12. Qf3 g5 13. cxd5 exd5 14. Qg3 Qxg3
15. fxg3 f6 16. fxg5 fxe5 17. Rxf5 O-O-O 18. Ne2 Rde8 19. Rc1 Kd8 20. g6 Rhg8
21. Bf3 Ref8 22. Rxf8+ Nxf8 23. e4 dxe4 24. Bxe4 exd4 25. Nxd4 Nxg6 26. Nf5 Bf8
27. a4 h5 28. a5 a6 29. Nd4 Bb4 30. Bxc6 Bd2 31. Rd1 Be3+ 32. Kf1 bxc6 33. Nf5+
Kc7 34. Nxe3 Rb8 35. Nc4 Rb5 36. Rd4 Rb4 37. Re4 Rb5 38. Ke2 Nf8 39. Re7+ Kd8
40. Ra7 Rb4 41. Kd3 Nd7 42. Kc3 Rb5 43. Rxa6 Kc7 44. Ra7+ Kd8 45. Ra8+ Kc7 46.
Rh8 Nc5 47. Rh7+ Kb8 48. Re7 Na4+ 49. Kc2 Rb4 50. b3 Nc5 51. Ne5 Rxb3 52. Nxc6+
Kc8 53. Re5 1-0

[Event "Open Vysocina 2018"]
[Site "Trebic"]
[Date "2018.09.29"]
[Round "9"]
[White "Spanton, Tim R"]
[Black "Skurniak, Szymon"]
[Result "1-0"]
[WhiteElo "1923"]
[BlackElo "1763"]
[PlyCount "57"]
[EventDate "2018.09.22"]

1. e4 c5 2. c4 e6 3. Nc3 Nc6 4. Nf3 a6 5. d4 cxd4 6. Nxd4 Bb4 7. Be3 Nf6 8. Bd3
Ne5 9. O-O Nxd3 10. Qxd3 d6 11. f3 Nd7 12. Rac1 O-O 13. Rfd1 Qf6 14. Nde2 Ne5
15. Qc2 Nxc4 16. Bd4 Bc5 17. Na4 Bxd4+ 18. Rxd4 d5 19. b3 Na3 20. Qd3 Nb5 21.
Rb4 Qe7 22. Qd2 dxe4 23. Rxe4 Bd7 24. Nb6 Rad8 25. Nd5 Qd6 26. Nf6+ gxf6 27.
Rg4+ Kh8 28. Qh6 Qb6+ 29. Kh1 1-0

[Event "Open Vysocina 2018"]
[Site "Trebic"]
[Date "2018.09.29"]
[Round "9"]
[White "Lampir, Tomas"]
[Black "Pacl, Vaclav"]
[Result "1-0"]
[WhiteElo "2052"]
[BlackElo "2033"]
[PlyCount "89"]
[EventDate "2018.09.22"]

1. e4 d5 2. exd5 Qxd5 3. Nc3 Qa5 4. g3 Nf6 5. Bg2 c6 6. Nf3 Bg4 7. O-O e6 8. d4
Qh5 9. Qd3 Nbd7 10. Bf4 Be7 11. Rfe1 Bh3 12. Ne2 Bxg2 13. Kxg2 O-O 14. Qb3 b5
15. Bd2 Nd5 16. a4 b4 17. a5 c5 18. Nf4 Nxf4+ 19. Bxf4 cxd4 20. Nxd4 Bc5 21.
Nc6 Rac8 22. Ne5 Nf6 23. Nd3 Nd5 24. Bd2 Bd6 25. Ra4 Qf5 26. Kg1 h5 27. Rc1 h4
28. Nxb4 hxg3 29. hxg3 Bxb4 30. Bxb4 Nxb4 31. Rxb4 Qxa5 32. c3 Rfd8 33. Rb5 Qc7
34. Qc2 Qc6 35. Rh5 g6 36. Rh4 Kg7 37. Qe4 Qxe4 38. Rxe4 Rd2 39. Rb4 e5 40. Ra1
e4 41. Rxa7 e3 42. fxe3 Rh8 43. Rf4 Rhh2 44. Raxf7+ Kh6 45. Rf2 1-0

[Event "Open Vysocina 2018"]
[Site "Trebic"]
[Date "2018.09.29"]
[Round "9"]
[White "Mezlik, Stanislav"]
[Black "Bar-Or, Ornan"]
[Result "1/2-1/2"]
[WhiteElo "1885"]
[BlackElo "1931"]
[PlyCount "104"]
[EventDate "2018.09.22"]

1. e4 c5 2. Nf3 d6 3. d4 cxd4 4. Nxd4 Nf6 5. Nc3 g6 6. g3 Bg7 7. Bg2 O-O 8. O-O
Nc6 9. Nde2 Bd7 10. h3 Qc8 11. Kh2 h5 12. Bf4 Rb8 13. Qc1 Kh7 14. Bg5 Re8 15.
Qf4 Ne5 16. Rac1 b5 17. Bxf6 Bxf6 18. Nd5 Bg7 19. Qh4 Qd8 20. b3 Be6 21. f4 Nc6
22. f5 Bxd5 23. fxg6+ fxg6 24. exd5 Ne5 25. Be4 Kg8 26. Qg5 Bf6 27. Qe3 Qb6 28.
Qxb6 Rxb6 29. c3 Rbb8 30. Kg2 Kh7 31. Rc2 Rec8 32. Nf4 a5 33. Nxh5 Rf8 34. Nf4
Rfe8 35. g4 a4 36. Ne6 axb3 37. axb3 Ra8 38. g5 Bg7 39. Nd4 b4 40. Nc6 bxc3 41.
Rxc3 Ra2+ 42. Kg3 Nxc6 43. Rxc6 Rb8 44. Bc2 Rb5 45. Rf7 Rxd5 46. Rxe7 Rxg5+ 47.
Kf4 Rc5 48. Rxc5 dxc5 49. Re2 Ra6 50. Be4 Rf6+ 51. Kg5 Re6 52. Kg4 Bd4 1/2-1/2